00936nam a22002417a 450000500170000001000150001702000270003203500130005903700130007208200110008524500800009626000340017627000610021030000470027150000660031850000960038460000360048065000430051665000510055965000410061070000200065170000230067120130913114343.0 aENG-107773 a9789381523506c1495.00 aEN-91306 bDBAD/PUB a230.31 aGitagovinda and Odisha /cedited by Dinanath Pathy [and] Bijaya Kumar Rath aNew DelhibNiyogi Booksc2012 aD-78, Okhla Industrial Area, Phase-I bNew Delhie110020 a295p. :c27cm(Hb)b col. ill., col. maps ; aIncludes bibliographical references (p. [286]-290) and index. a Includes English translation of Gītagovinda translated by Mahamedhanandanatha Saraswati. a Jayadeva,dactive 12th century a Love poetry, SanskritzIndiazOrissa. a Krishna (Hindu deity) in the performing arts. aKrishna (Hindu deity) in literature. aPathy, Dinanath aRath, Bijaya Kumar